Online Catalogue and eLibrary

Kotu paure gahanu (Record no. 1200)

MARC details
000 -LEADER
fixed length control field 00377nam a2200157Ia 4500
005 - DATE AND TIME OF LATEST TRANSACTION
control field 20250627013355.0
008 - FIXED-LENGTH DATA ELEMENTS--GENERAL INFORMATION
fixed length control field 240331s9999 xx 000 0 und d
020 ## - INTERNATIONAL STANDARD BOOK NUMBER
ISBN 9555512239
082 ## - DDC Classification
Class No. 362.8
Item Number - Author Mark LIY
100 ## - MAIN ENTRY--PERSONAL NAME
Personal name Liyanage,S.S
245 #0 - TITLE STATEMENT
Title Kotu paure gahanu
260 ## - PUBLICATION, DISTRIBUTION, ETC.
Place of publication, distribution, etc. Colombo
Name of publisher, distributor, etc. Dayawansa Jayakody & Company
Date of publication, distribution, etc. 2001
300 ## - PHYSICAL DESCRIPTION
Extent (e.g. Volumes, Pages etc.) 214 p .,
650 ## - SUBJECT ADDED ENTRY--TOPICAL TERM
Topical term or geographic name entry element Women
942 ## - Koha item type (Biblio)
Koha item type Books in Stacks (Lending)
Holdings
Lost status Damaged status Collection code Home library Current library Shelving location Date acquired Full call number Accession Number Item type
    Lending WERC Library WERC Library Social Science Cupboard 03/31/2024 362.8 LIY 4774 Books in Stacks (Lending)

© WERC Library